Vālmīki aura Tulasī. (Record no. 71744)

MARC details
000 -LEADER
fixed length control field 00615cam a22002411 4500
001 - CONTROL NUMBER
control field sa 67000079
003 - CONTROL NUMBER IDENTIFIER
control field DLC
005 - DATE AND TIME OF LATEST TRANSACTION
control field 20260227112311.0
008 - FIXED-LENGTH DATA ELEMENTS--GENERAL INFORMATION
fixed length control field 890628s1966 ii b 000 0 hino
010 ## - LIBRARY OF CONGRESS CONTROL NUMBER
LC control number sa 67000079
035 ## - SYSTEM CONTROL NUMBER
System control number (OCoLC)19940608
040 ## - CATALOGING SOURCE
Original cataloging agency DLC
Transcribing agency WaU
Modifying agency DLC
042 ## - AUTHENTICATION CODE
Authentication code premarc
050 00 - LIBRARY OF CONGRESS CALL NUMBER
Classification number PK3659
Item number .A4 1966
100 1# - MAIN ENTRY--PERSONAL NAME
Personal name Agravāla, Rāmaprakāśa,
Dates associated with a name 1919-
245 10 - TITLE STATEMENT
Title Vālmīki aura Tulasī.
260 ## - PUBLICATION, DISTRIBUTION, ETC.
Date of publication, distribution, etc. [1966]
300 ## - PHYSICAL DESCRIPTION
Extent 4, 3, 554 p.
Dimensions 23 cm.
500 ## - GENERAL NOTE
General note In Hindi.
504 ## - BIBLIOGRAPHY, ETC. NOTE
Bibliography, etc. note Bibliography: p. [548]-554.
600 00 - SUBJECT ADDED ENTRY--PERSONAL NAME
Personal name Vālmīki.
600 00 - SUBJECT ADDED ENTRY--PERSONAL NAME
Personal name Tulasīdāsa,
Dates associated with a name 1532-1623.

No items available.

Powered by Koha